Hỏi - đáp giao dịch dân sự và giải quyết tranh chấp về nhà đất /
Salvato in:
| Autore principale: | |
|---|---|
| Natura: | Sách giấy |
| Lingua: | Vietnamese |
| Pubblicazione: |
TP. HCM :
Nxb.TP. HCM,
2001.
|
| Soggetti: | |
| Tags: |
Aggiungi Tag
Nessun Tag, puoi essere il primo ad aggiungerne! !
|
| Thư viện lưu trữ: | Thư viện Trường Đại học Đà Lạt |
|---|
| LEADER | 00760nam a2200277 4500 | ||
|---|---|---|---|
| 001 | DLU120137171 | ||
| 005 | ##20120712 | ||
| 040 | # | # | |a DLU |b vie |
| 041 | # | # | |a vie |
| 044 | # | # | |a vn |
| 082 | # | # | |a 346.043 |b NG-T |
| 100 | # | # | |a Nguyễn Văn Thông, |e luật gia. |
| 245 | # | # | |a Hỏi - đáp giao dịch dân sự và giải quyết tranh chấp về nhà đất / |c Nguyễn Văn Thông. |
| 260 | # | # | |a TP. HCM : |b Nxb.TP. HCM, |c 2001. |
| 300 | # | # | |a 526 tr. ; |c 21 cm. |
| 650 | # | # | |a Quản lý nhà ở |x Luật và pháp chế |z Việt Nam. |
| 923 | # | # | |a 01/2012LH |
| 992 | # | # | |a 51000 |
| 994 | # | # | |a KLH |
| 900 | # | # | |a True |
| 911 | # | # | |a Đào Thị Thu Huyền |
| 925 | # | # | |a G |
| 926 | # | # | |a A |
| 927 | # | # | |a SH |
| 980 | # | # | |a Thư viện Trường Đại học Đà Lạt |